[Event "Warsaw YMCA Summer-B 262nd"]
[Site "Warsaw"]
[Date "2022.07.26"]
[Round "2"]
[White "Berdyga, Mariusz"]
[Black "Kwiek, Janusz"]
[Result "0-1"]
[WhiteElo "1407"]
[BlackElo "1417"]
[PlyCount "104"]
[EventDate "2022.06.29"]
[EventType "swiss"]
[EventRounds "10"]
[EventCountry "POL"]
[SourceTitle "EXT 2023"]
[Source "ChessBase"]
[SourceDate "2022.10.05"]
[SourceVersion "1"]
[SourceVersionDate "2022.10.05"]
[SourceQuality "1"]

1. e4 d6 2. d4 e5 3. Nf3 exd4 4. Nxd4 Nf6 5. Nc3 Be7 6. g3 Bd7 7. Bg2 Nc6 8. 0-0 0-0 9. h3 Qc8 10. g4 Nxd4 11. Qxd4 Bc6 12. Bg5 Re8 13. Rae1 Nd7 14. Bxe7 Rxe7 15. b4 a6 16. a4 b6 17. Nd5 Bxd5 18. exd5 Qe8 19. Qc3 Nf6 20. Rxe7 Qxe7 21. Re1 Qd7 22. g5 Nh5 23. Re4 g6 24. Bf1 Qf5 25. Qe3 Qxd5 26. Bg2 Qd1+ 27. Kh2 Rf8 28. Rc4 c5 29. Bf3 Qf1 30. Be2 Qe1 31. Rh4 Ng7 32. Bxa6 Qxe3 33. fxe3 Re8 34. bxc5 dxc5 35. e4 Rd8 36. Rg4 Rd2+ 37. Rg2 Rd4 38. c4 Ne6 39. Rb2 Rxe4 40. Rxb6 Nxg5 41. Rc6 Ne6 42. Kg3 Kg7 43. Bb5 Re3+ 44. Kg2 Ra3 45. Ra6 g5 46. a5 h5 47. Bd7 Nf4+ 48. Kh2 h4 49. Ra8 Ra2+ 50. Kh1 Nd3 51. a6 Ne5 52. Bb5 Nf3 0-1

[Event "Warsaw YMCA Autumn-C 222nd"]
[Site "Warsaw"]
[Date "2019.10.09"]
[Round "4"]
[White "Winogrodzki, Jozef"]
[Black "Berdyga, Mariusz"]
[Result "1-0"]
[WhiteElo "1415"]
[BlackElo "1428"]
[PlyCount "53"]
[EventDate "2019.09.19"]
[EventType "tourn"]
[EventRounds "13"]
[EventCountry "POL"]
[SourceTitle "CBM 195 Extra"]
[Source "ChessBase"]
[SourceDate "2020.05.31"]
[SourceVersion "1"]
[SourceVersionDate "2020.05.31"]
[SourceQuality "1"]

1. e4 c5 2. Nf3 e6 3. d4 cxd4 4. Nxd4 Nc6 5. Be2 Qc7 6. 0-0 Nf6 7. Nc3 a6 8. Be3 Bb4 9. Qd2 Nxe4 10. Qd3 Nxc3 11. bxc3 Ne5 12. Qe4 Bd6 13. f4 Ng6 14. Nf5 0-0 15. Nxd6 Qxd6 16. Rad1 Qc6 17. Qd3 Nh4 18. Bf3 Nxf3+ 19. Rxf3 f5 20. Bd4 Rf7 21. Rg3 Qe4 22. Qd2 b5 23. Re1 Qd5 24. Qe2 Qd6 25. Qh5 Bb7 26. Qh6 g6 27. Rxg6+ 1-0

[Event "Warsaw YMCA Autumn-C 222nd"]
[Site "Warsaw"]
[Date "2019.10.02"]
[Round "3"]
[White "Berdyga, Mariusz"]
[Black "Budny, Piotr"]
[Result "1-0"]
[WhiteElo "1428"]
[BlackElo "1381"]
[PlyCount "61"]
[EventDate "2019.09.19"]
[EventType "tourn"]
[EventRounds "13"]
[EventCountry "POL"]
[SourceTitle "CBM 195 Extra"]
[Source "ChessBase"]
[SourceDate "2020.05.31"]
[SourceVersion "1"]
[SourceVersionDate "2020.05.31"]
[SourceQuality "1"]

1. e4 e6 2. Nf3 d5 3. Nc3 d4 4. Ne2 c5 5. c3 Nc6 6. cxd4 cxd4 7. Qa4 Bc5 8. b4 Bxb4 9. Nexd4 Nge7 10. Bb5 Qa5 11. Ne5 Qxa4 12. Bxa4 Bd7 13. Nxd7 Kxd7 14. Rb1 Bd6 15. Nb5 Bc5 16. d4 Bb4+ 17. Ke2 a6 18. d5 exd5 19. exd5 axb5 20. dxc6+ Nxc6 21. Rd1+ Kc7 22. Bf4+ Kb6 23. Bb3 f6 24. Rd7 Rhe8+ 25. Kf1 g5 26. Bc7+ Ka6 27. a4 Re7 28. axb5+ Kxb5 29. Rd5+ Bc5 30. Bd6 Rd7 31. Rxc5+ 1-0

[Event "Wiesbaden op 31st"]
[Site "Wiesbaden"]
[Date "2019.08.23"]
[Round "3"]
[White "Berdyga, Mariusz"]
[Black "Freund, Stefan"]
[Result "1-0"]
[WhiteElo "1348"]
[BlackElo "1601"]
[PlyCount "89"]
[EventDate "2019.08.22"]
[EventType "swiss"]
[EventRounds "7"]
[EventCountry "GER"]
[SourceTitle "EXT 2020"]
[Source "ChessBase"]
[SourceDate "2019.10.17"]
[SourceVersion "1"]
[SourceVersionDate "2019.10.17"]
[SourceQuality "1"]

1. e4 d5 2. exd5 Qxd5 3. Nc3 Qa5 4. d4 Nf6 5. Nf3 c6 6. Bd2 Qc7 7. Bc4 e6 8. Qe2 Be7 9. a4 a5 10. 0-0 0-0 11. Ne4 Nbd7 12. Neg5 Nb6 13. Bb3 h6 14. Ne4 Nxe4 15. Qxe4 Nd5 16. Ne5 Nf6 17. Qh4 Nh7 18. Qg4 Nf6 19. Qh3 Bd6 20. Rfe1 Bxe5 21. dxe5 Nh7 22. Qg3 Kh8 23. Re4 Qe7 24. Rg4 g5 25. h4 f5 26. exf6 Nxf6 27. Bc3 e5 28. Rc4 Be6 29. hxg5 hxg5 30. Bxe5 Bxc4 31. Bxc4 Rf7 32. Qxg5 Raf8 33. Bxf7 Qxf7 34. Ra3 Qg7 35. Qxg7+ Kxg7 36. Rf3 Kg6 37. Bxf6 Re8 38. Bc3 Re2 39. Bxa5 Rxc2 40. Rb3 Rc4 41. Rb4 Rc5 42. Bb6 Rc1+ 43. Kh2 Rc2 44. a5 Kf5 45. Be3 1-0

[Event "Warsaw YMCA Winter-C 211st"]
[Site "Warsaw"]
[Date "2019.03.27"]
[Round "13"]
[White "Berdyga, Mariusz"]
[Black "Muck, Piotr"]
[Result "0-1"]
[WhiteElo "1362"]
[BlackElo "1482"]
[PlyCount "60"]
[EventDate "2019.01.09"]
[EventType "tourn"]
[EventRounds "13"]
[EventCountry "POL"]
[SourceTitle "EXT 2021"]
[Source "ChessBase"]
[SourceDate "2020.10.23"]
[SourceVersion "1"]
[SourceVersionDate "2020.10.23"]
[SourceQuality "1"]

1. d4 Nf6 2. Bg5 Ne4 3. Bf4 c5 4. f3 Nf6 5. dxc5 Qa5+ 6. Nc3 Qxc5 7. e4 d6 8. Qd2 e5 9. Be3 Qa5 10. a3 a6 11. Bc4 Be7 12. b4 Qc7 13. Bb3 0-0 14. Na4 Nbd7 15. Qf2 b5 16. Nb6 Nxb6 17. Bxb6 Qc3+ 18. Qd2 Qxa1+ 19. Kf2 Be6 20. h4 Bxb3 21. cxb3 Rac8 22. h5 h6 23. Be3 Kh7 24. g4 Qc3 25. Qe2 Qxb3 26. g5 Rc2 27. g6+ fxg6 28. hxg6+ Kh8 29. Bd2 Rxd2 30. Qxd2 Nxe4+ 0-1

[Event "Warsaw YMCA Winter-C 211st"]
[Site "Warsaw"]
[Date "2019.02.13"]
[Round "6"]
[White "Okurowski, Michal"]
[Black "Berdyga, Mariusz"]
[Result "1-0"]
[WhiteElo "1558"]
[BlackElo "1362"]
[PlyCount "91"]
[EventDate "2019.01.09"]
[EventType "tourn"]
[EventRounds "13"]
[EventCountry "POL"]
[SourceTitle "EXT 2021"]
[Source "ChessBase"]
[SourceDate "2020.10.23"]
[SourceVersion "1"]
[SourceVersionDate "2020.10.23"]
[SourceQuality "1"]

1. e4 c5 2. c3 Nf6 3. d3 Nc6 4. Nf3 d6 5. Be2 g6 6. Be3 Ng4 7. h3 Nxe3 8. fxe3 Bg7 9. 0-0 Qb6 10. Qb3 Qxb3 11. axb3 Bh6 12. Kf2 Be6 13. Nbd2 0-0 14. d4 cxd4 15. exd4 d5 16. e5 f6 17. exf6 Rxf6 18. Kg1 Raf8 19. b4 a6 20. Nb3 Be3+ 21. Kh1 g5 22. Nc5 Bc8 23. Nh2 Rf2 24. Bf3 e6 25. Rae1 Rxf1+ 26. Nxf1 Bf4 27. Nxe6 Bxe6 28. Rxe6 Rd8 29. g3 Bc1 30. Re2 Kg7 31. Rc2 Rf8 32. Kg2 g4 33. Bxg4 Bg5 34. Rf2 Rxf2+ 35. Kxf2 Bc1 36. Ne3 Ne7 37. Nd1 Kg6 38. h4 h5 39. Bf3 b6 40. Ke2 a5 41. bxa5 bxa5 42. Kd3 Nf5 43. Kc2 Bh6 44. Bxd5 Nxg3 45. Bc6 Nf5 46. Be8+ 1-0

[Event "Warsaw YMCA Autumn-D 208th"]
[Site "Warsaw"]
[Date "2018.12.11"]
[Round "13"]
[White "Oles, Jan"]
[Black "Berdyga, Mariusz"]
[Result "0-1"]
[WhiteElo "1231"]
[BlackElo "1278"]
[PlyCount "116"]
[EventDate "2018.09.18"]
[EventType "tourn"]
[EventRounds "13"]
[EventCountry "POL"]
[SourceTitle "EXT 2021"]
[Source "ChessBase"]
[SourceDate "2020.10.23"]
[SourceVersion "1"]
[SourceVersionDate "2020.10.23"]
[SourceQuality "1"]

1. b3 d5 2. Bb2 Nc6 3. Nf3 Bf5 4. d4 Nf6 5. Nc3 e6 6. e3 Bb4 7. Nd2 0-0 8. Be2 Re8 9. f4 Bxc3 10. Bxc3 Ne4 11. Nxe4 Bxe4 12. 0-0 Qf6 13. Bd3 Qg6 14. Bxe4 Qxe4 15. Rf3 Ne7 16. Qd3 Qf5 17. Qxf5 Nxf5 18. g4 Nd6 19. Raf1 f5 20. g5 Ne4 21. Be1 a5 22. h4 g6 23. h5 Kg7 24. h6+ Kf7 25. a3 c5 26. dxc5 Nxc5 27. b4 axb4 28. Bxb4 Ne4 29. Rd1 Rec8 30. Rc1 Rc4 31. Rh3 Rd8 32. Rh2 e5 33. c3 exf4 34. exf4 d4 35. Rd1 d3 36. Ba5 Rd6 37. Rb2 b6 38. Bxb6 Nxc3 39. Rdd2 Na4 40. Be3 Nxb2 41. Rxb2 Rc7 42. Kf1 Ke6 43. a4 Ra6 44. Ra2 Rc2 45. Ra3 Rd6 46. Ra1 Re2 47. Bc5 Rc6 48. Bb4 Rh2 49. Kg1 Rhc2 50. Kf1 Rc1+ 51. Rxc1 Rxc1+ 52. Kf2 Kd5 53. Ke3 Kc4 54. Bd2 Ra1 55. a5 Ra2 56. Bc1 Rxa5 57. Bd2 Ra2 58. Bc1 Re2+ 0-1

[Event "Warsaw YMCA Autumn-D 208th"]
[Site "Warsaw"]
[Date "2018.10.09"]
[Round "4"]
[White "Kucharski, Jacek"]
[Black "Berdyga, Mariusz"]
[Result "0-1"]
[WhiteElo "1315"]
[BlackElo "1278"]
[PlyCount "43"]
[EventDate "2018.09.18"]
[EventType "tourn"]
[EventRounds "13"]
[EventCountry "POL"]
[SourceTitle "EXT 2021"]
[Source "ChessBase"]
[SourceDate "2020.10.23"]
[SourceVersion "1"]
[SourceVersionDate "2020.10.23"]
[SourceQuality "1"]

1. d4 d5 2. Nf3 Nc6 3. e3 Nf6 4. c4 Bg4 5. Nbd2 e5 6. Be2 e4 7. Ne5 Bxe2 8. Nxc6 Bxd1 9. Nxd8 Rxd8 10. Kxd1 dxc4 11. Nxc4 c5 12. Ke2 cxd4 13. exd4 Rxd4 14. b3 Bb4 15. Be3 Rd3 16. Ne5 Rd5 17. Rac1 0-0 18. Nc4 b5 19. Bd2 Bxd2 20. Nxd2 Ng4 21. h3 Nxf2 22. Rc2 0-1

[Event "Warsaw YMCA Spring-D 201st"]
[Site "Warsaw"]
[Date "2018.06.21"]
[Round "13"]
[White "Berdyga, Mariusz"]
[Black "Sloniewski, Jakub"]
[Result "1-0"]
[WhiteElo "1264"]
[BlackElo "1184"]
[PlyCount "41"]
[EventDate "2018.04.05"]
[EventType "tourn"]
[EventRounds "13"]
[EventCountry "POL"]
[SourceTitle "EXT 2021"]
[Source "ChessBase"]
[SourceDate "2020.10.23"]
[SourceVersion "1"]
[SourceVersionDate "2020.10.23"]
[SourceQuality "1"]

1. d4 f5 2. e4 fxe4 3. Nc3 Nf6 4. Bg5 d5 5. f3 Bf5 6. Bxf6 exf6 7. fxe4 dxe4 8. Qe2 Bb4 9. Qb5+ Nc6 10. Qxf5 Qxd4 11. Qe6+ Kf8 12. Nge2 Bxc3+ 13. bxc3 Qe3 14. Rd1 Re8 15. Qd7 Qb6 16. Nf4 Qe3+ 17. Ne2 Qb6 18. Qh3 Rd8 19. Rxd8+ Nxd8 20. Qd7 c5 21. Nf4 1-0

[Event "Warsaw YMCA Spring-D 201st"]
[Site "Warsaw"]
[Date "2018.04.05"]
[Round "1"]
[White "Szumigaj, Marcin"]
[Black "Berdyga, Mariusz"]
[Result "1-0"]
[WhiteElo "1360"]
[BlackElo "1264"]
[PlyCount "95"]
[EventDate "2018.04.05"]
[EventType "tourn"]
[EventRounds "13"]
[EventCountry "POL"]
[SourceTitle "EXT 2021"]
[Source "ChessBase"]
[SourceDate "2020.10.23"]
[SourceVersion "1"]
[SourceVersionDate "2020.10.23"]
[SourceQuality "1"]

1. c4 e5 2. Nc3 Nf6 3. Nf3 Nc6 4. g3 Bb4 5. Bg2 0-0 6. 0-0 d5 7. cxd5 Nxd5 8. Nxe5 Nxe5 9. Nxd5 Bd6 10. b3 c6 11. Nc3 Bg4 12. Bb2 Nd3 13. Qc2 Nxb2 14. Qxb2 Qa5 15. e3 Rfe8 16. a3 Re6 17. f3 Bh5 18. Ne4 Be7 19. b4 Qb6 20. Rac1 a5 21. Nc5 Bf6 22. Qb3 Re7 23. bxa5 Qxa5 24. Ne4 Be5 25. d4 Bb8 26. Rc5 Qxa3 27. Qxa3 Rxa3 28. Rxh5 Rxe3 29. Ra5 f5 30. Ra8 fxe4 31. Rxb8+ Kf7 32. fxe4+ Ke6 33. Kf2 Rd3 34. d5+ Ke5 35. dxc6 bxc6 36. Ke2 Rc3 37. Rf5+ Kd6 38. Rd8+ Kc7 39. Rd3 Rc2+ 40. Rd2 Rc1 41. Ke3 c5 42. Rfd5 Re6 43. h3 Re1+ 44. Kf3 R6xe4 45. Rxc5+ Kb6 46. Rc3 g5 47. Rb2+ Ka5 48. Rc5+ 1-0

[Event "Warsaw YMCA Summer-B 173rd"]
[Site "Warsaw"]
[Date "2016.07.19"]
[Round "1"]
[White "Wolniewicz, Miroslaw"]
[Black "Berdyga, Mariusz"]
[Result "1-0"]
[WhiteElo "1377"]
[BlackElo "1187"]
[PlyCount "55"]
[EventDate "2016.07.01"]
[EventType "tourn"]
[EventRounds "11"]
[EventCountry "POL"]
[SourceTitle "EXT 2019"]
[Source "ChessBase"]
[SourceDate "2018.10.10"]
[SourceVersion "1"]
[SourceVersionDate "2018.10.10"]
[SourceQuality "1"]

1. d4 Nf6 2. Nc3 e6 3. e4 c5 4. Nf3 cxd4 5. Nxd4 Bb4 6. Qd3 Qc7 7. Bd2 Nc6 8. f3 a6 9. a3 Bc5 10. Nb3 Ba7 11. 0-0-0 b5 12. Be3 Ne5 13. Qe2 Bxe3+ 14. Qxe3 0-0 15. Qc5 Qxc5 16. Nxc5 Rd8 17. f4 Neg4 18. Rd2 d6 19. e5 Ne8 20. exd6 Rxd6 21. Rxd6 Nxd6 22. Be2 Ne3 23. Bf3 Rb8 24. b3 Bb7 25. Nxb7 Nxb7 26. Re1 Nf5 27. Rd1 Nh4 28. Bxb7 1-0

[Event "Warsaw YMCA Spring-E 171th"]
[Site "Warsaw"]
[Date "2016.06.06"]
[Round "10"]
[White "Rejniak, Wojciech"]
[Black "Berdyga, Mariusz"]
[Result "1-0"]
[WhiteElo "1172"]
[BlackElo "1216"]
[PlyCount "89"]
[EventDate "2016.04.04"]
[EventType "tourn"]
[EventRounds "13"]
[EventCountry "POL"]
[SourceTitle "EXT 2019"]
[Source "ChessBase"]
[SourceDate "2018.10.10"]
[SourceVersion "1"]
[SourceVersionDate "2018.10.10"]
[SourceQuality "1"]

1. Nf3 Nf6 2. d4 e6 3. c4 b6 4. g3 Ba6 5. b3 Bb4+ 6. Nbd2 0-0 7. Bg2 c6 8. 0-0 d5 9. Ne5 Nfd7 10. cxd5 exd5 11. Ndf3 Re8 12. a3 Bd6 13. Nd3 Nf6 14. Qc2 Qe7 15. Re1 Ne4 16. e3 Qc7 17. b4 Nd7 18. Bb2 f6 19. Nd2 f5 20. f3 Nxd2 21. Qxd2 Nf6 22. Qc2 Bxd3 23. Qxd3 Qd7 24. Bh3 g6 25. e4 dxe4 26. fxe4 Rxe4 27. Rxe4 Nxe4 28. Qxe4 fxe4 29. Bxd7 e3 30. Re1 c5 31. b5 cxd4 32. Bxd4 Bxa3 33. Rxe3 Rd8 34. Re8+ Rxe8 35. Bxe8 Bd6 36. Bc6 Kf7 37. Kf2 h6 38. Be3 g5 39. Kf3 Kf6 40. Kg4 Bc5 41. Bxc5 bxc5 42. Bd5 Kg6 43. Be4+ Kg7 44. Kh5 c4 45. Bc2 1-0

[Event "Warsaw YMCA Spring-E 171th"]
[Site "Warsaw"]
[Date "2016.05.02"]
[Round "5"]
[White "Berdyga, Mariusz"]
[Black "Felicetti, Francesco"]
[Result "1-0"]
[WhiteElo "1216"]
[BlackElo "1360"]
[PlyCount "73"]
[EventDate "2016.04.04"]
[EventType "tourn"]
[EventRounds "13"]
[EventCountry "POL"]
[SourceTitle "EXT 2019"]
[Source "ChessBase"]
[SourceDate "2018.10.10"]
[SourceVersion "1"]
[SourceVersionDate "2018.10.10"]
[SourceQuality "1"]

1. c4 e5 2. Nc3 Nc6 3. Nf3 Nf6 4. g3 Be7 5. Bg2 d6 6. 0-0 0-0 7. a3 h6 8. b4 Rb8 9. d3 Bf5 10. Be3 Ng4 11. Bd2 Qd7 12. b5 Na5 13. Nd5 b6 14. Bxa5 bxa5 15. Qa4 Bd8 16. Nc3 Nf6 17. Qxa5 c6 18. Qb4 cxb5 19. cxb5 a6 20. a4 axb5 21. axb5 Bc7 22. Nh4 Be6 23. Bc6 Qd8 24. Rfb1 Bb6 25. Ra6 Ng4 26. e3 Qf6 27. Ne4 Qd8 28. Qxd6 Qc8 29. h3 Rd8 30. Qe7 Nxe3 31. Nd6 Rxd6 32. Qxd6 Bxh3 33. Rxb6 Rxb6 34. fxe3 g5 35. Ng2 f6 36. Bd5+ Kg7 37. Qxb6 1-0